| 000 | 01049nam a22003257a 4500 | ||
|---|---|---|---|
| 001 | BR0101933 | ||
| 003 | BR-BrBNA | ||
| 005 | 20230928100835.0 | ||
| 007 | ta | ||
| 008 | 230509b bl.||||| |||| 00| 0 por d | ||
| 040 |
_aBR-BrBNA _bpor _cBiblioteca Nacional de Agricultura |
||
| 041 | _a(Por) | ||
| 072 |
_aQ54; L51 _b0170 |
||
| 090 | _ 0170 BR0101933 | ||
| 100 | 1 | _aLara, A.C. | |
| 110 | 1 |
_aUniversidade Federal de Minas Gerais, Belo Horizonte (Brasil). Escola de Veterinaria _0Tese Mestre em Zootecnia) |
|
| 245 | 1 | _aDegradabilidade in situ dos componentes nutricionais das silagens do sorgo BR 601 colhido em tres estadios de maturacao | |
| 260 | 3 |
_aBelo Horizonte, MG (Brasil): _c1999. |
|
| 300 | _a67 p. | ||
| 500 | _aSummaries (Eng, Por); Bibliography p. 62-67; 22 tables | ||
| 650 | _aSorgo | ||
| 650 | _aSilagem | ||
| 650 | _aDigestibilidade | ||
| 650 | _aRacao | ||
| 650 | _aAnalise Quimica | ||
| 650 | _aComposicao de Alimento | ||
| 650 | _aDados Estatisticos | ||
| 909 |
_a202309 _bLucia _c55 _dLucia Elande |
||
| 942 | _cBK | ||
| 999 |
_c63052 _d63052 |
||